Transactions on Engineering Technologies : 25th World Congress on Engineering (WCE 2017)

Gespeichert in:
Bibliographische Detailangaben
Körperschaft: World Congress on Engineering. London, UK
Format: Tagungsbericht Buch
Sprache:Englisch
Veröffentlicht: Singapore : Springer, 2019
Ausgabe:1. vyd.
Online-Zugang:https://link.springer.com/book/10.1007/978-981-13-0746-1#toc
Tags: Tag hinzufügen
Keine Tags, Fügen Sie das erste Tag hinzu!

MARC

LEADER 00000nam a22000003a 4500
001 0071921
003 SK-STU
005 20190222135711.0
007 ta
008 181004s ----xo-----e------000-0-----d
020 |a 978-981-13-0745-4 
040 |a STU  |b slo 
041 0 |a eng 
111 2 |a World Congress on Engineering.  |n 25th  |d 5. - 7. July 2017 :  |c London, UK 
245 1 0 |a Transactions on Engineering Technologies :  |b 25th World Congress on Engineering (WCE 2017) 
250 |a 1. vyd. 
260 |a Singapore :  |b Springer,  |c 2019 
300 |a 407 s. 
856 4 0 |u https://link.springer.com/book/10.1007/978-981-13-0746-1#toc 
996 |b 284M088110  |c M* Z-4442  |l MMKN  |s A  |a 24  |w 0071921_0001